Statistics for The Smiths 2

Click here to take the quiz!

General Stats

  • This quiz has been taken 431 times
  • The average score is 6 of 10

Answer Stats

HintAnswer% Correct
Sweetness, sweetness I was only joking When I said I'd like to smash every tooth In your headBigmouth Strikes Again
90%
In my life, oh why do I give valuable time to people who don't care if i live or dieHeaven Knows I'm Miserable now
77%
I'd rather be famous than righteous or holy any dayFrankly Mr Shankly
66%
I wonder to myself, could life ever be sane again ?Panic
64%
Take me back to dear old Blighty, put me on the train for London Town, take me anywhere, drop me anywhereThe Queen is Dead
61%
Heavy words are so lightly thrown, but still I'd leap in front of a flying bullet for youWhat difference does it make
59%
Sir leads the troops, jealous of youth, same old suit since 1962The Headmaster Ritual
57%
Is it wrong to want to live on your own? No, it's not wrong - but I must knowSheila Take a Bow
49%
Cause you're evil and you lie and if you should die, I may feel slightly sad, but I won't cryUnhappy Birthday
43%
: If youre wondering why All the love that you long for eludes you And people are rude and crude to you...You just haven't Earnt it yet baby
15%

Score Distribution

Percentile by Number Answered

Percent of People with Each Score

Your Score History

You have not taken this quiz